01943nam a2200193 i 4500001000700000003000900007005001700016008004100033080001200074110005000086245015500136260006100291300002000352505116100372651003101533852004801564999001901612952011801631170708ES-MaACL20230906214435.0090331s18631867sp |||| | spa d a94(460)2 aReal Academia de la Historia (España)9630910aDiscursos leídos en las sesiones públicas que para dar posesión de plazas de número ha celebrado la Real Academia de la Historia, f1863-1867. aMadrid : b[s.n.], c1863 (fImp. de José Rodríguez) a1 v. ; c27 cm.0 aPeriplos ibéricos / José Oliver y Hurtado (55 p.). Contestación / Carlos Ramón Fort (p. 57-71). Reseña histórico-crítica de los historiadores arábigo españoles / José Moreno Nieto (42 p., 32 p. de apéndice). Contestación / Emilio Lafuente Alcántara (19 p.). Cortes / Antonio Alcalá Galiano (25 p.). Contestación / Antonio Benavides (p. 28-49). Sobre los caracteres de la Iglesia española / Fernando de Castro y Pajares (99 p.). Contestación / Manuel Colmeiro (p. 102-119). Reino de Pamplona / Manuel Oliver y Hurtado (126 p.). Historia del gran imperio colonial que por espacio de tres siglos poseyó España al otro lado del Atlántico / Jacobo de la Pezuela (52 p.). Contestación / Vicente de la Fuente (p.53-67). Noticias descriptivas de pueblos de Castilla, recogidas en la segunda mitad del siglo XVI / Fermín Caballero (64 p.). Contestación / Cayetano Rosell (p. 65-84). El Ministerio Fiscal / José María Huet (82 p.). Contestación / Antonio Benavides (p. 83-100). La idea del Imperio en el mundo antiguo y su influencia ulterior en la Península Ibérica / Francisco Fernández González (55 p.). 4aEspaña-xHistoria.98209 aES-MaACLjK-118 z- Enc. pasta española c170708d170708 001040708LIBXIXaATENEOMbATENEOMcADMd2009-03-31l0oK-118p1179150r2023-02-23 00:00:00w2023-02-23yMONANT